zpět

Detail výsledku týmu

Tiebreak - Štvanice, Praha

Datum a čas kvízu

26 Celkem bodů Celkový počet nahraných bodů na tomto kvízu bez doplňovacích otázek.
5. Pořadí na kvízu Konečné umístění týmu na tomto kvízu.

Zaznamenané odpovědi

# Otázka Odpověď Body Výsledky
1. V pátek bylo překlenuto Labe p... Pardubice 1
2. Elon Musk si mimo jiné dal za... vlastním spermatem 0
3. V pátek 12. 7. 2024 vydal Emin... 12. album 0
4. Čínské úřady tento týden přist... A) hadů 1
5. V pondělí 8. července byla ozn... D 1
6. Ve kterých dvou variantách se... C 0
7. Ze kterého prostředí pochází k... A 1
8. Kterým jedenáctipísmenným slov... hipoterapie 1
9. Jak se říká nástroji, jenž jak... udidlo 0
10. Koně jsou s člověkem spojení j... Moravskoslezský kraj 0